00714nam a22002057a 4500003000400000005001700004008004100021017003900062020001800101040002400119100002700143245009000170260005000260300002000310490003100330504004500361610001600406650003000422700005600452OSt20180717135828.0180717s2018 sp |||| |||||0|1 0 spa|d aDL M 15726-2018bOficina DL Madrid a9788416842285 aES-BaUAObcatcCDMR1 aBalcarce, Luis,eautor10aPrisab: liquidación de existencias /cLuis Balcarce ; prólogo de Raúl del Pozo aTres Cantos, Madrid :bEdiciones Akal, c2018 a517 p. ;c22 cm1 aFoca investigación;v161 aReferències bibliogràfiques. Índex20aGrupo Prisa00aEmpreses periodístiques1 aPozo, Raúl del,d1936-,eescriptor d'un pròleg